000 00571nam a2200217Ia 4500
003 OSt
005 20220923230929.0
006 a|||||r|||| 00| 0
007 ta
008 Pun
024 _a306,547
037 _cTextual
040 _aARTS
_cARTS
_bPun
041 _2Pun
_aPun
082 _aV236:1.M3, 153K9
100 _aਤਰਲੋਕ ਸਿੰਘ
245 0 _aਕੰਵਰ ਨੋਾਨਹਾਲ ਸਿੰਘ ਦੀ ਮੌਤ
260 _c1969
942 _hV236:1.M3, 153K9
_cTEXL
_2CC
999 _c388321
_d388321